Ghanaian's In The Premier League Quiz Stats

 Plays Quiz not verified by Sporcle

Challenge
Share
Tweet
Embed
Score 0/10 Timer 04:00
0 Plays Today
Seasons In Prem Player % Correct
2005-Michael Essien
95%
2010-Asamoah Gyan
77.5%
2006-John Pantsil
57.5%
2007-2010Kevin-Prince Boateng
57.5%
2007-2008, 2010-Sulley Muntari
52.5%
2009-John Mensah
52.5%
2007-2009, 2010-Richard Kingson
32.5%
2004-2006, 2009-2010Quincy Owusu-Abeyie
20%
2000-2001, 2003-2004Alex Nyarko
12.5%
2002-2003, 2004-2005Elvis Hammond
5%

You're not logged in!

Compare scores with friends on all Sporcle quizzes.
Join for Free
OR
Log In

You Might Also Like...

Show Comments

Extras

Top Quizzes Today


Score Distribution

Your Account Isn't Verified!

In order to create a playlist on Sporcle, you need to verify the email address you used during registration. Go to your Sporcle Settings to finish the process.

Report this User

Report this user for behavior that violates our Community Guidelines.

Details: